000 00703nam a2200229 a 4500
001 BRCA_1349
005 20190320203404.0
008 980303s2005 mx-a---##b---#000-0#spa-d
020 _a9706630988
040 _aDLC
_cDLC
_dDLC
050 4 _aN8070
_b.Z47 2005
100 1 _aZerón-Medina, Fausto
_94417
245 1 0 _aFelicidad de México
_cFausto Zerón-Medina.
250 _a3
260 _aMéxico
_bClío : Televisa
_c2005
300 _a143 p.
_bil. a color
_c18 cm.
504 _aBibliografía: p. 136-139
600 1 4 _aVirgen María en el arte.
_93079
650 1 4 _aGuadalupe, nuestra señora de
_xCulto
_zMéxico.
_94418
651 4 _aMéxico
_xVida religiosa y costumbres.
_94419
942 _2lcc
_cB
999 _c1212
_d1212